000 00505nam a22001817a 4500
999 _c6143
_d6141
005 20210827121036.0
008 200318b xxu||||| |||| 00| 0 eng d
020 _a9789387085206
041 _aeng
082 _a615
100 _aMUKHOPADHYA K
_95272
245 _aUNDERGRADUATE PHARMACOLOGY FOR MEDICAL STUDENT OF PHARMACY SCIENCE
_cK. MUKHOPADHAYA
250 _a3'RD
260 _aNEW DELHI
_bCBS PUBLISHERS AND DISTRIBUTORS
_c2019
300 _a504P. ; XII
650 _aPHARMACY
_96768
942 _cBK